| 000 | 00568nam a22001937a 4500 | ||
|---|---|---|---|
| 005 | 20250307174733.0 | ||
| 008 | 250307b |||||||| |||| 00| 0 eng d | ||
| 020 | _a9780256089165 | ||
| 050 | _aHF5635 HER | ||
| 100 | _aHermanson Roger H. | ||
| 245 |
_aAccounting Principles _cRoger H. Hermanson, James Don Edwards & Michael W. Maher |
||
| 250 | _a5th Ed. | ||
| 260 |
_aBoston _bIrwin _c1992 |
||
| 300 |
_axxxii. (various paging). _bill. _c27 cm |
||
| 650 | _2Accounting | ||
| 700 | _aEdwards James Don | ||
| 700 | _aMaher Michael W. | ||
| 942 |
_2lcc _cBK _e5th Ed. _n0 |
||
| 999 |
_c4553 _d4553 |
||